Essentials of Perioperative Nursing / (Record no. 13574)
[ view plain ]
| 000 -LEADER | |
|---|---|
| fixed length control field | 01438cam a22003378a 4500 |
| 001 - CONTROL NUMBER | |
| control field | 15345828 |
| 005 - DATE AND TIME OF LATEST TRANSACTION | |
| control field | 20100217092846.0 |
| 008 - FIXED-LENGTH DATA ELEMENTS--GENERAL INFORMATION | |
| fixed length control field | 080625s2009 mau |rbp 001 0 eng |
| 010 ## - LIBRARY OF CONGRESS CONTROL NUMBER | |
| LC control number | 2008028605 |
| 020 ## - INTERNATIONAL STANDARD BOOK NUMBER | |
| International Standard Book Number | 9780763758813 (pbk.) |
| 035 ## - SYSTEM CONTROL NUMBER | |
| System control number | (DNLM)101477523 |
| 040 ## - CATALOGING SOURCE | |
| Original cataloging agency | DNLM/DLC |
| Transcribing agency | DLC |
| Modifying agency | DLC |
| 042 ## - AUTHENTICATION CODE | |
| Authentication code | pcc |
| 050 00 - LIBRARY OF CONGRESS CALL NUMBER | |
| Classification number | RD32.3 |
| Item number | .S65 2009 |
| 060 10 - NATIONAL LIBRARY OF MEDICINE CALL NUMBER | |
| Classification number | WY 18.2 |
| Item number | S771e 2009 |
| 082 00 - DEWEY DECIMAL CLASSIFICATION NUMBER | |
| Classification number | 617.917 |
| Edition number | 22 |
| Item number | SPR |
| 100 1# - MAIN ENTRY--PERSONAL NAME | |
| Personal name | Spry, Cynthia. |
| 9 (RLIN) | 12193 |
| 245 10 - TITLE STATEMENT | |
| Title | Essentials of Perioperative Nursing / |
| Statement of responsibility, etc | Cynthia Spry. |
| 250 ## - EDITION STATEMENT | |
| Edition statement | 4th ed. |
| 260 ## - PUBLICATION, DISTRIBUTION, ETC. (IMPRINT) | |
| Place of publication, distribution, etc | Sudbury, MA : |
| Name of publisher, distributor, etc | Jones and Bartlett Publishers, 2009 |
| Date of publication, distribution, etc | c2009. |
| 263 ## - PROJECTED PUBLICATION DATE | |
| Projected publication date | 0809 |
| 300 ## - PHYSICAL DESCRIPTION | |
| Extent | 369 p. : |
| Dimensions | ill.; |
| Other physical details | 27 cm. |
| 504 ## - BIBLIOGRAPHY, ETC. NOTE | |
| Bibliography, etc | Includes bibliographical references and index. |
| 650 #0 - SUBJECT ADDED ENTRY--TOPICAL TERM | |
| Topical term or geographic name as entry element | Operating room nursing |
| Form subdivision | Programmed instruction. |
| 9 (RLIN) | 12194 |
| 650 12 - SUBJECT ADDED ENTRY--TOPICAL TERM | |
| Topical term or geographic name as entry element | Perioperative Nursing |
| Form subdivision | Programmed Instruction. |
| 9 (RLIN) | 12195 |
| 856 41 - ELECTRONIC LOCATION AND ACCESS | |
| Materials specified | Table of contents only |
| Uniform Resource Identifier | <a href="http://www.loc.gov/catdir/toc/ecip0822/2008028605.html">http://www.loc.gov/catdir/toc/ecip0822/2008028605.html</a> |
| 942 ## - ADDED ENTRY ELEMENTS (KOHA) | |
| Source of classification or shelving scheme | Dewey Decimal Classification |
| Item type | |
| Withdrawn status | Item status | Source of classification or shelving scheme | Damaged status | Not for loan | Vendor | Home library | Current library | Shelving location | Date acquired | Source of acquisition | Cost, normal purchase price | Serial Enumeration / chronology | Total Checkouts | Total Renewals | Full call number | Barcode | Date last seen | Date last borrowed | Koha item type |
|---|---|---|---|---|---|---|---|---|---|---|---|---|---|---|---|---|---|---|---|
| Dewey Decimal Classification | Academic Bookshop | Central Library | Central Library | First floor | 03/03/2010 | 276.00 | 3698 | 7 | 5 | 617.917 SPR | 000019427 | 15/07/2025 | 28/02/2013 | Book - Borrowing | |||||
| Dewey Decimal Classification | Academic Bookshop | Central Library | Central Library | First floor | 03/03/2010 | 4 | 617.917 SPR | 000019415 | 24/08/2022 | 26/10/2011 | CD | DVD - With book |